Presidents with Facial Hair - Statistics

General Stats
  • This quiz has been taken 30 times
  • The average score is 8 of 12
Answer Stats
Type of Facial Hair Answer % Correct
beard Abraham Lincoln
100%
mustache Theodore Roosevelt
87%
beard and mustache Ulysses S. Grant
83%
mustache Grover Cleveland
70%
beard and mustache Rutherford B. Hayes
70%
mustache William Howard Taft
70%
sideburns John Quincy Adams
67%
beard and mustache Benjamin Harrison
63%
sideburns Martin Van Buren
63%
sideburns Zachary Taylor
60%
mustache and sideburns Chester A. Arthur
57%
beard and mustache James Garfield
47%
No matching quizzes found
Score Distribution
Percent of People with Each Score
Percentile by Number Answered
Your Score History
You have not taken this quiz